000 00609nam a2200205Ia 4500
005 20230612085212.0
008 131103s9999 xx 000 0 und d
040 _aLoreto College
041 _aEnglish
082 _a940.2
_bGUE
100 _aGuedalla,Philip
245 4 _aThe Partition of Europe
_b a textbook of European history 1715 - 1815
_cPhilip Guedalla
260 _aOxford
_bClarenda Press
_c1914 (1930 printing)
300 _avii,311 p.
_b ill.,maps
504 _aIncludes index
650 _aModern History
651 _aEurope - Modern History,1715 - 1815
850 _aLCLIB
942 _cBK
999 _c3974
_d54453